| 000 | 00611nam a2200205Ia 4500 | ||
|---|---|---|---|
| 003 | GCL | ||
| 008 | 140319s9999 xx 000 0 ara d | ||
| 040 |
_aGCL / _cGCL |
||
| 082 | 0 | 4 |
_a530.11 _bم ا |
| 100 | 1 | _aمحمود على ندا | |
| 245 | 1 | 0 |
_aاعادة فتح ملف: الفراغ والزمن انيشتين / _cمحمود على ندا |
| 260 |
_a[S.N] : _bدار الايمان ، _c1994 |
||
| 300 | _a286 ص | ||
| 490 | _a | ||
| 650 | 0 | 4 | _aالفيزياء |
| 650 | 0 | 4 | _aالنسبية |
| 650 | 0 | 4 | _aالجاذبية الارضية |
| 650 | 0 | 4 | _aالفضاء والوقت |
| 942 |
_2ddc _cBK |
||
| 999 |
_c36488 _d36488 |
||